00313nam a2200121Ia 4500008004100000041000800041082001200049100002000061245003600081260003200117300003100149365001100180240624s9999 xx 000 0 und d aeng a828 GOK aGOKHALE NITIN A aBEYOND NJ 9842 THE SIACHEN SAGA c2015aNew DelhibBloomsbury axii, : 274 : p. : cm. ; 23 cRSb30